| 000 | 00670nam a2200217 u 4500 | ||
|---|---|---|---|
| 005 | 20240912063842.0 | ||
| 008 | 121003s2011 ag r 000 0 spa d | ||
| 020 | _a9789875452695 | ||
| 035 | _aUPN01000186988 | ||
| 049 | _aI | ||
| 050 | 4 |
_aPZ76.3 _bR6.84 |
|
| 100 | 1 |
_aRoldán, Gustavo, _d1935-2012 _930946 |
|
| 245 | 1 | 3 |
_aEl último dragón / _cGustavo Roldán ; il. Manuel Purdía. |
| 260 |
_aBuenos Aires : _bNorma, _c2011. |
||
| 300 |
_a69 p. : _bil. |
||
| 440 | 0 |
_aTorre de papel roja. _pA partir de los 7 años |
|
| 650 | 2 |
_aDragones _vLiteratura infantil _911808 |
|
| 650 | 4 |
_aCuentos infantiles argentinos _97466 |
|
| 905 | _aInfantil | ||
| 999 |
_c159091 _d159091 |
||